top 15 des paradis fiscaux - Statistiques

Statistiques générales
  • Ce quiz a été pris 79 fois
  • Le résultat moyen est 4 sur 15
Statistiques - réponses
# Réponse % Correct
4 Suisse
86%
7 Luxembourg
63%
11 Bahamas
47%
5 Singapour
40%
6 Irlande
29%
10 Chypre
26%
13 Barbade
19%
3 Pays-Bas
17%
9 Hong-Kong
14%
12 Jersey
14%
1 Bermudes
13%
2 iles Caïmans
13%
14 Maurice
13%
8 Curaçao
7%
15 iles vierges britanniques
7%
Aucun quiz correspondant
Distribution des résultats
% des personnes avec chaque résultat
Percentile par nombre de réponses
Votre historique - résultats
Vous n’avez pas pris ce quiz